000
00330nam a2200145Ia 4500
008
230312s9999||||xx |||||||||||||| ||und||
020
_a
0-07-048308-6
082
_a
790.10
_b
ARU-C
100
_a
Arulmani;Gideon
245
0
_a
Career Counselling
260
_b
Tata
_a
UK
_c
2004
300
_a
365
650
_a
Literature
942
_c
BK
999
_c
4807
_d
4807